Gaming Quiz

Random Gaming or Board Games Quiz

Click a Risk Territory Quiz Stats

 Plays Quiz Updated Aug 21, 2017

Support Sporcle.
Go Orange.
Score 0/42 Timer 06:00
1 Play Today
% Correct
Brazil
95.3%
Alaska
94.8%
Iceland
93.1%
Eastern
Australia
92.4%
Western
United
States
91.9%
Great
Britain
91.6%
North
Africa
91.6%
Eastern
United
States
91.5%
Japan
90.9%
South
Africa
90.8%
India
90.7%
Egypt
90.4%
Western
Australia
90.1%
Madagascar
90%
Central
America
89.1%
Western
Europe
89.1%
Venezuela
88.6%
Argentina
88.1%
Middle
East
87.6%
East
Africa
86.6%
China
86.4%
% Correct
Congo
86.3%
Greenland
85.8%
Scandinavia
85.4%
Peru
85%
Southern
Europe
84.3%
Quebec
84%
New
Guinea
82.9%
Afghanistan
80.7%
Mongolia
80.7%
Siam
78.9%
Ukraine
78.4%
Ural
76.6%
Alberta
76.1%
Indonesia
71.7%
Northwest
Territory
70.9%
Ontario
70.9%
Yakutsk
70.5%
Kamchatka
69%
Northern
Europe
58.6%
Siberia
53.4%
Irkutsk
47.8%

From the Vault

States That Border Canada

by RobPro

These states are just a little closer to Timmy's than the rest of the U.S.
Remove Ads.
Support Sporcle.
Get the best of Sporcle when you Go Orange. This ad-free experience offers more features, more stats, and more fun while also helping to support Sporcle. Thank you for becoming a member.

Show Comments

Extras

Top Quizzes Today


Score Distribution

Your Account Isn't Verified!

In order to create a playlist on Sporcle, you need to verify the email address you used during registration. Go to your Sporcle Settings to finish the process.

Report this User

Report this user for behavior that violates our Community Guidelines.

Details: